|
|
|
|
| LEADER |
00977nam a2200253 a 4500 |
| 001 |
479958 |
| 008 |
110716s1985 nyua b 001 0 eng d |
| 010 |
|
|
|a 84018838
|
| 020 |
|
|
|a 048624864X (pbk.)
|
| 040 |
|
|
|a DLC
|c DLC
|d DLC
|c BD-DhAAL
|
| 082 |
0 |
0 |
|a 001.53/5
|2 19
|
| 100 |
1 |
|
|a Jackson, Philip C.,
|d 1949-
|
| 245 |
1 |
0 |
|a Introduction to artificial intelligence /
|c Philip C. Jackson, Jr.
|
| 250 |
|
|
|a 2nd, enl. ed.
|
| 260 |
|
|
|a New York :
|b Dover,
|c 1985.
|
| 300 |
|
|
|a xxxviii, 453 p. :
|b ill. ;
|c 22 cm.
|
| 504 |
|
|
|a Bibliography: p. 403-445.
|
| 500 |
|
|
|a Includes index.
|
| 541 |
1 |
|
|e 00010234
|
| 650 |
|
0 |
|a Artificial intelligence.
|
| 852 |
4 |
|
|a Ayesha Abed Library
|c General shelf
|
| 856 |
4 |
2 |
|3 Publisher description
|u http://www.loc.gov/catdir/description/dover033/84018838.html
|
| 999 |
|
|
|c 11095
|d 11095
|
| 952 |
|
|
|0 0
|1 0
|4 0
|6 001_535000000000000_JAC
|7 0
|9 17476
|a BRACUL
|b BRACUL
|c GEN
|d 2011-07-16
|l 12
|m 154
|o 001.535 JAC
|p 3010010234
|r 2023-03-07
|s 2022-04-13
|t 1
|w 2011-07-16
|y BK
|x Available
|